Rhymes with 'King' Quiz Stats

Quiz Updated Oct 1, 2014

Also try: Rhymes With Home
Challenge
Share
Tweet
Embed
Score 0/17 Timer 02:00
8 Plays Today
% Correct
sing
95.9%
ding
95%
ring
94.6%
wing
89.6%
ping
88.9%
bring
79.1%
zing
77%
sting
75.9%
sling
74.9%
% Correct
fling
72.9%
thing
70.1%
cling
68.8%
ling
66.6%
string
60.1%
wring
57.3%
swing
52.4%
spring
48.9%

You're not logged in!

Compare scores with friends on all Sporcle quizzes.
Join for Free
OR
Log In

You Might Also Like...

Show Comments

Extras

Top Quizzes Today


Score Distribution

Your Account Isn't Verified!

In order to create a playlist on Sporcle, you need to verify the email address you used during registration. Go to your Sporcle Settings to finish the process.

Report this User

Report this user for behavior that violates our Community Guidelines.

Details: